000 00791cam a2200265 a 4500
008
020 _a0750605197 (pbk.)
049 _aMAIN
090 _aHD58.7
_bBAT
100 1 _aBate, Paul.
245 1 0 _aStrategies for cultural change /
_cPaul Bate.
260 _aOxford :
_bButterworth-Heinemann,
_c1994.
300 _aviii, 308 p. :
_bill. ;
_c24 cm.
504 _aIncludes bibliographical references.
500 _aIncludes index.
650 0 _aCorporate culture.
650 0 _aOrganizational behavior.
650 0 _aOrganizational change
_xSocial aspects.
650 0 _aOrganizational sociology.
907 _a.b10301690
_b19-07-12
_c14-10-11
003
005 20230123125330.0
040 _cNUST
942 _cBOOKS
_kHD58.7
_mBAT
999 _c139718
_d139718